| 000 | 00480 a2200157 4500 | ||
|---|---|---|---|
| 020 | _a0743245075 | ||
| 040 |
_aDLC _bDLC |
||
| 082 | _a370.114 | ||
| 100 | _aThomas Lickona | ||
| 245 |
_aCharacter matters : how to help our children develop good judgment, integrity, and other essential virtues _cThomas Lickona |
||
| 260 |
_aNew York _bTouchston _c2004 |
||
| 300 | _a310 p. | ||
| 650 | _aEducation--Parent participation | ||
| 700 | _aThomas Lickona | ||
| 942 |
_cBK _k370.114 LIC _2ddc |
||
| 999 |
_c10767 _d10767 |
||